Sports Quiz

Random Sports or NBA Quiz

NBA: They played for THEM? Quiz Stats

 Plays Quiz not verified by Sporcle

Challenge
Share
Tweet
Embed
Score 0/44 Timer 10:00
0 Plays Today
Hint Answer % Correct
Michael JordanChicago Bulls
99.4%
Los Angeles Lakers
99.4%
Los Angeles Lakers
99.4%
Washington Wizards
99.1%
Miami Heat
99.1%
Miami Heat
99.1%
Miami Heat
99.1%
Miami Heat
99.1%
Shaquille O'NealOrlando Magic
98.7%
Orlando Magic
98.7%
Orlando Magic
98.7%
Boston Celtics
97.8%
Boston Celtics
97.8%
Boston Celtics
97.8%
Hakeem OlajuwonHouston Rockets
97.8%
Houston Rockets
97.8%
Houston Rockets
97.8%
Allen IversonPhiladelphia 76ers
97.5%
Philadelphia 76ers
97.5%
Patrick EwingNew York Knicks
97.5%
Dominique WilkinsAtlanta Hawks
97.5%
Charles BarkleyPhiladelphia 76ers
97.5%
Hint Answer % Correct
New York Knicks
97.5%
Atlanta Hawks
97.5%
Philadelphia 76ers
97.5%
New York Knicks
97.5%
Phoenix Suns
96.8%
Phoenix Suns
96.8%
Denver Nuggets
96.5%
Dikembe MutomboDenver Nuggets
96.5%
Cleveland Cavaliers
96.2%
Ray AllenMilwaukee Bucks
95.9%
Karl MaloneUtah Jazz
95.9%
Seattle Supersonics
95%
Seattle Supersonics
95%
Alonzo MourningCharlotte Hornets
93.4%
Larry JohnsonCharlotte Hornets
93.4%
Detroit Pistons
92.4%
Toronto Raptors
89.9%
Memphis Grizzlies
88%
New Jersey Nets
77.6%
New Jersey Nets
77.6%
Los Angeles Clippers
77.3%
San Antonio Spurs
75.1%

You're not logged in!

Compare scores with friends on all Sporcle quizzes.
OR
Log In

You Might Also Like...

Show Comments

Extras

Top Quizzes Today


Score Distribution

Your Account Isn't Verified!

In order to create a playlist on Sporcle, you need to verify the email address you used during registration. Go to your Sporcle Settings to finish the process.

Report this User

Report this user for behavior that violates our Community Guidelines.

Details: